|
|
|
|
| LEADER |
00741cam a2200193 7i4500 |
| 001 |
0000022268 |
| 005 |
20181108090000.0 |
| 020 |
|
|
|a 9781405144056 (hbk.)
|
| 020 |
|
|
|a 140514405X (hbk.)
|
| 090 |
0 |
0 |
|a HM1221
|b .C65 2007
|
| 100 |
1 |
|
|a Coombs, W. Timothy
|
| 245 |
1 |
0 |
|a It's not just PR :
|b public relations in society
|c W. Timothy Coombs and Sherry J. Holladay.
|
| 260 |
|
|
|a UK:
|b Blackwell Publishing,
|c 2007.
|
| 300 |
|
|
|a vii, 144 p.:
|b ill.;
|c 24 cm.
|
| 504 |
|
|
|a Includes bibliographical references and index
|
| 650 |
0 |
0 |
|a Public relations --
|x Social aspects
|
| 700 |
1 |
|
|a Holladay, Sherry J
|
| 997 |
|
|
|a Communication, Visual Art & Computing, Faculty
|b Communication, Department
|
| 999 |
|
|
|a 0000024554
|b BOK
|c OPEN SHELF
|e 1st Floor, Bestari Jaya
|